000 00786nam a2200217Ia 4500
003 GCL
008 140319s9999 xx 000 0 ara d
020 _a2039437977
040 _aGCL /
_cGCL
082 0 4 _a792.015
_bب م
100 1 _aعبدالمعطى شعراوى
245 1 0 _aمعجم انثروبولوجيا المسرح /
_cعبدالمعطى شعراوى
700 1 _aامين حسين الرباط
700 1 _aباربا، اوجينيو
700 1 _aسافاريس، نيكولا
260 _aالقاهرة :
_bوزارة الثقافة - مهرجان القاهرة الدولى للمسرح التجريبى ،
_c2006
300 _a760 ص ؛
_c26 سم
650 0 4 _aالتذوق المسرحى
650 0 4 _aالفنون المسرحية
942 _2ddc
_cBK
999 _c9054
_d9054